| 000 | 00781cam a2200157 4500500 | ||
|---|---|---|---|
| 005 | 20260111090137.0 | ||
| 041 | _afre | ||
| 042 | _adc | ||
| 100 | 1 | 0 |
_aPlusquellec, Florent _eauthor |
| 245 | 0 | 0 | _aChristian-Georges Schwentzel Les Nabatéens IVe avant J.-C. – IIe siècle. De Pétra à Al-Ula, les bâtisseurs du désert. Tallandier, « Humanités », 2025, 384 pages, 27,90 €. |
| 260 | _c2025. | ||
| 500 | _a88 | ||
| 520 | _aLa fondation Louis-Vuitton, à Paris, propose une rétrospective de l’œuvre de Gerhard Richter, un panorama complet couvrant soixante ans de création artistique. | ||
| 786 | 0 | _nÉtudes | - | 13 | 2025-12-30 | p. 130a-131 | 0014-1941 | |
| 856 | 4 | 1 | _uhttps://shs.cairn.info/revue-etudes-2025-13-page-130a?lang=fr&redirect-ssocas=7080 |
| 999 |
_c1618524 _d1618524 |
||